| 000 | 00700nam a2200229 i 4500 | ||
|---|---|---|---|
| 001 | 133633 | ||
| 003 | ES-MaACL | ||
| 005 | 20250701063144.0 | ||
| 007 | t| | ||
| 008 | 070823q1899 fr ||||1| fre d | ||
| 080 | _a821.133.1"18" | ||
| 100 | 1 |
_aClaretie, Jules, _d1840-1913 _9160289 _eaut |
|
| 245 | 1 | 4 |
_aLes amours d'un interne ; La cigarette / _cJules Claretie. |
| 260 |
_aParis : _bFayard Freres, _c[ca. 1899] |
||
| 300 |
_a382, 192 páginas ; _c23 cm. |
||
| 500 | _aBiblioteca Jacinto Martínez Lacalle | ||
| 740 | 3 | 2 | _aLa cigarette. |
| 852 |
_aES-MaACL _jE-12005 _bR.139942 _cDEPO2 |
||
| 942 |
_2udc _cMONANT _n0 |
||
| 999 |
_c133633 _d133633 |
||